Statistiques concernant Rois et reines de Hongrie

Cliquez ici pour prendre le quiz!

Statistiques générales

  • Ce quiz a été pris 77 fois
    (61 depuis la dernière actualisation)
  • Le résultat moyen est 33 sur 58

Statistiques - réponses

DatesNom% Correct
1308-1342Charles Ier Robert
91%
1385-1386Charles II
86%
1711-1740Charles III
86%
1916-1918Charles IV
86%
1792-1835François
86%
1342-1382
Louis Ier
82%
1516-1526Louis II
82%
1526-1564
Ferdinand Ier
73%
1526-1540
Jean Ier
73%
1619-1637Ferdinand II
73%
1637-1657Ferdinand III
73%
1647-1654Ferdinand IV
73%
1835-1848Ferdinand V
73%
1540-1570Jean II
73%
1386-1395Marie Ière
73%
1382-1385Marie Ière
73%
1740-1780Marie II
73%
1001-1038
Etienne Ier
68%
1848-1916
François-Joseph
68%
1116-1131Etienne II
68%
1162-1162Etienne III
68%
1163-1172Etienne III
68%
1163-1163Etienne IV
68%
1270-1272Etienne V
68%
1705-1711Joseph Ier
68%
1780-1790Joseph II
68%
1458-1490Matthias Ier
64%
1608-1619Matthias II
64%
1387-1437Sigismond
64%
1657-1705
Léopold Ier
55%
1038-1051
Pierre
55%
1790-1792Léopold II
55%
1044-1046Pierre
55%
1576-1608Rodolphe
55%
1564-1576Maximilien
50%
1077-1095Ladislas Ier
45%
1162-1163Ladislas II
45%
1204-1205Ladislas III
45%
1272-1290Ladislas IV
45%
1301-1305Ladislas V
45%
1440-1457Ladislas VI
45%
1046-1060André Ier
41%
1205-1235André II
41%
1290-1301André III
41%
1060-1063Béla Ier
41%
1131-1141Béla II
41%
1172-1196Béla III
41%
1235-1270Béla IV
41%
1305-1308Béla V
41%
1095-1116Coloman
32%
1437-1439
Albert
32%
1440-1444Vladislas Ier
32%
1490-1516Vladislas II
32%
1196-1204Emeric
27%
1074-1077Géza Ier
27%
1141-1162Géza II
27%
1063-1074Salomon
27%
1041-1044Samuel Aba
27%

Distribution des résultats

Percentile par nombre de réponses

% des personnes avec chaque résultat

Votre développement - résultats

Vous n’avez pas pris ce quiz depuis la dernière actualisation